Changing Minds : A Guide To Facilitated Participatory Planning (Record no. 43501)
[ view plain ]
| 000 -LEADER | |
|---|---|
| fixed length control field | 00978cam a2200301 a 4500 |
| 001 - CONTROL NUMBER | |
| control field | 17075093 |
| 005 - DATE AND TIME OF LATEST TRANSACTION | |
| control field | 20250401143115.0 |
| 008 - FIXED-LENGTH DATA ELEMENTS--GENERAL INFORMATION | |
| fixed length control field | 110910s2011 ii a b 000 0 eng |
| 010 ## - LIBRARY OF CONGRESS CONTROL NUMBER | |
| LC control number | 2011351402 |
| 020 ## - INTERNATIONAL STANDARD BOOK NUMBER | |
| International Standard Book Number | 9788171888603 |
| 025 ## - OVERSEAS ACQUISITION NUMBER | |
| Overseas acquisition number | I-E-2011-351402; 79-91 |
| 035 ## - SYSTEM CONTROL NUMBER | |
| System control number | (IN-NdUBS) 2011351402 |
| 041 ## - LANGUAGE CODE | |
| Language code of text/sound track or separate title | eng |
| 042 ## - AUTHENTICATION CODE | |
| Authentication code | lcode |
| -- | pcc |
| 082 ## - DEWEY DECIMAL CLASSIFICATION NUMBER | |
| Classification number | 658.4036 DOD |
| 100 1# - MAIN ENTRY--PERSONAL NAME | |
| Author | Dodge, Cole P. |
| 245 10 - TITLE STATEMENT | |
| Title | Changing Minds : A Guide To Facilitated Participatory Planning |
| 260 ## - PUBLICATION, DISTRIBUTION, ETC. | |
| Place | New Delhi : |
| Publisher | Academic Foundation ; |
| Place | Ottawa, Ont. : |
| Publisher | International Development Research Centre, |
| Publication Year | 2011. |
| 300 ## - PHYSICAL DESCRIPTION | |
| Extent | 192 p. : |
| Other physical details | ill. ; |
| Dimensions | 23 cm. |
| 504 ## - BIBLIOGRAPHY, ETC. NOTE | |
| Bibliography, etc. note | Includes bibliographical references (p. 191-192). |
| 650 #0 - SUBJECT ADDED ENTRY--TOPICAL TERM | |
| Subject | Group facilitation |
| 650 #0 - SUBJECT ADDED ENTRY--TOPICAL TERM | |
| Subject | Employees |
| 650 #0 - SUBJECT ADDED ENTRY--TOPICAL TERM | |
| Subject | Interorganizational relations |
| 700 1# - ADDED ENTRY--PERSONAL NAME | |
| Co-Author | Bennett, Gavin. |
| 942 ## - ADDED ENTRY ELEMENTS (KOHA) | |
| Koha item type | Books |
| 906 ## - LOCAL DATA ELEMENT F, LDF (RLIN) | |
| a | 7 |
| b | cbc |
| c | origode |
| d | 3 |
| e | ncip |
| f | 20 |
| g | y-gencatlg |
| Withdrawn status | Lost status | Source of classification or shelving scheme | Damaged status | Not for loan | Home library | Current library | Shelving location | Accession Date | Vendor | Price | Bill number | Full call number | Barcode No | Date last seen | Discount | Bill Date | Koha item type | Suggested By |
|---|---|---|---|---|---|---|---|---|---|---|---|---|---|---|---|---|---|---|
| Dewey Decimal Classification | IMTN | IMTN | Rack 2-B | 03/26/2025 | Raghav Books Private Limited | 695.00 | 2374 | 658.4036 DOD | 33785 | 04/01/2025 | 30 | 02/14/2025 | Books | Dr. Mantha Raghu (Head Librarian) |